| LEADER | 00981nam a2200217 i 4500 | ||
|---|---|---|---|
| 001 | 10115048 | ||
| 003 | GR-PaULI | ||
| 005 | 20210806134731.0 | ||
| 008 | 150127s1984 gr g p gre d | ||
| 952 | |0 0 |1 0 |2 ddc |4 0 |6 889_134000000000000_ΧΡΟ |7 0 |9 322799 |a LISP |b LISP |c DON |d 2021-01-27 |e ΓΑΛ |i 145373 |l 0 |o 889.134 ΧΡΟ |p 025000271515 |r 2021-01-27 00:00:00 |t 1 |w 2021-01-27 |y BKN | ||
| 999 | |c 181446 |d 181446 | ||
| 040 | |a GR-PaULI |c GR-PaULI |b gre |e AACR2 | ||
| 082 | 1 | 4 | |a 889.134 |2 23 |
| 100 | 1 | |a Χρονάς, Πέτρος |d 1924- |e συγγραφέας. |9 155976 | |
| 245 | 1 | 0 | |a Ειδωλοσκόπιο / |b |c Πέτρος Χρονάς ; με τρεις εικόνες του Νίκου Γαβριήλ Πεντζίκη. |
| 260 | |a [Αθήνα] : |b Άγρα, |c 1984. | ||
| 300 | |a 41 σ. : |b εικ. ; |c 21 εκ. | ||
| 655 | 4 | |a Ποίηση | |
| 700 | |a Πεντζίκης, Νίκος Γαβριήλ, |d 1908-1993 |e εικονογράφος. |9 142199 | ||
| 942 | |2 ddc |c BKN | ||
| 998 | |c ΜΠΟΥΡΑΣ |d 2021-01 | ||